LEADER 01619nam0 22002893i 450 001 VAN0081127 005 20221202082401.94 010 $a978-88-579-0045-2 100 $a20101220d2010 |0itac50 ba 101 $aita 102 $aIT 105 $a|||| ||||| 200 1 $aProve geotecniche in situ$eguida alla stima delle proprietą geotecniche e loro applicazioni alle fondazioni$fAlberto Bruschi 210 $aPalermo$cFlaccovio$d2010 215 $aXXIV, 665 p.$cill.$d29 cm 300 $aSottotitolo in cop.: Interpretazione delle pił conosciute prove geotecniche in sito, esame sintetico delle metodologie relative, identificazione della litologia dalle prove in sito, correlazioni aggiornate alla fine del 2009, utilizzo pratico dei parametri ricavati 410 1$1001VAN0039954$12001 $aCollana di geotecnica e ingegneria geotecnica$1210 $aPalermo$cFlaccovio.$v2 620 $dPalermo$3VANL000013 676 $a624.15$cTecnica delle fondazioni e geologia tecnica$v22 700 1$aBruschi$bAlberto$3VANV053649$0512322 712 $aFlaccovio$3VANV109277$4650 801 $aIT$bSOL$c20221209$gRICA 912 $aVAN0081127 950 $aBIBLIOTECA DEL DIPARTIMENTO DI SCIENZE E TECNOLOGIE AMBIENTALI BIOLOGICHE E FARMACEUTICHE$d17CONS Sa76 $e17BIB860 20101220 $sBuono 950 $aBIBLIOTECA DEL DIPARTIMENTO DI SCIENZE E TECNOLOGIE AMBIENTALI BIOLOGICHE E FARMACEUTICHE$d17PREST Sa77 $e17BIB861 20101220 $sBuono 996 $aProve geotecniche in situ$9759178 997 $aUNISOB LEADER 03112nam 22006855 450 001 9910299827503321 005 20251230064944.0 010 $a3-319-19024-5 024 7 $a10.1007/978-3-319-19024-2 035 $a(CKB)3710000000422602 035 $a(EBL)2095830 035 $a(SSID)ssj0001525079 035 $a(PQKBManifestationID)11826348 035 $a(PQKBTitleCode)TC0001525079 035 $a(PQKBWorkID)11486467 035 $a(PQKB)11387648 035 $a(DE-He213)978-3-319-19024-2 035 $a(MiAaPQ)EBC2095830 035 $a(PPN)186397925 035 $a(EXLCZ)993710000000422602 100 $a20150526d2015 u| 0 101 0 $aeng 135 $aur|n|---||||| 181 $ctxt 182 $cc 183 $acr 200 10$aRecent Advances in Information and Communication Technology 2015 /$fedited by Herwig Unger, Phayung Meesad, Sirapat Boonkrong 205 $a1st ed. 2015. 210 1$aCham :$cSpringer International Publishing :$cImprint: Springer,$d2015. 215 $a1 online resource (315 p.) 225 1 $aAdvances in Intelligent Systems and Computing,$x2194-5365 ;$v361 300 $aDescription based upon print version of record. 311 08$a3-319-19023-7 320 $aIncludes bibliographical references and index. 327 $aInvited Papers.-  Data Mining -- Data Mining Methods -- Data Mining Applications -- Networks.-Security -- Network Systems and Platforms. 330 $aThis book presents recent research work and results in the area of communication and information technologies. The book includes the main results of the 11th International Conference on Computing and Information Technology (IC2IT) held during July 2nd-3rd, 2015 in Bangkok, Thailand. The book is divided into the two main parts Data Mining and Machine Learning as well as Data Network and Communications. New algorithms and methods of data mining asr discussed as well as innovative applications and state-of-the-art technologies on data mining, machine learning and data networking. 410 0$aAdvances in Intelligent Systems and Computing,$x2194-5365 ;$v361 606 $aComputational intelligence 606 $aData mining 606 $aTelecommunication 606 $aComputational Intelligence 606 $aData Mining and Knowledge Discovery 606 $aCommunications Engineering, Networks 615 0$aComputational intelligence. 615 0$aData mining. 615 0$aTelecommunication. 615 14$aComputational Intelligence. 615 24$aData Mining and Knowledge Discovery. 615 24$aCommunications Engineering, Networks. 676 $a006.3 676 $a006.312 676 $a620 676 $a621.382 702 $aUnger$b Herwig$4edt$4http://id.loc.gov/vocabulary/relators/edt 702 $aMeesad$b Phayung$4edt$4http://id.loc.gov/vocabulary/relators/edt 702 $aBoonkrong$b Sirapat$4edt$4http://id.loc.gov/vocabulary/relators/edt 906 $aBOOK 912 $a9910299827503321 996 $aRecent Advances in Information and Communication Technology 2015$91412787 997 $aUNINA